| 000 | 00544nam a22002057a 4500 | ||
|---|---|---|---|
| 003 | OSt | ||
| 005 | 20151111102512.0 | ||
| 008 | 130204t xxu||||| |||| 00| 0 eng d | ||
| 020 | _a9781111827618 | ||
| 050 |
_aLB 1590.3 _b.M969 2012 |
||
| 082 |
_aM 160.22 _bM92 2012 |
||
| 245 |
_aThe elements of reasoning / _cRonald Munson, ANdrew Black. |
||
| 250 | _a6th ed. | ||
| 260 |
_aBoston : _bPearson Prentice Hall, _c2012. |
||
| 300 |
_axiv, 230 pages ; _c23 cm. |
||
| 526 | _c1210L-1700L | ||
| 562 | _e1 | ||
| 942 |
_2lcc _cBK |
||
| 999 |
_c15818 _d15818 |
||